Primi 10 paesi nella produzione di energia nucleare - Statistics

Statistiche generali
  • Questo quiz è stato fatto 173 volte
  • Il punteggio medio è 7 su 10
Statistiche sulle risposte
GWh % Paesi % Corretto
804,872 19.7 Stati Uniti
97%
184,054 17.1 Russia
96%
386,452 72.2 Francia
93%
197,829 3.6 Cina
91%
80,069 13.1 Germania
84%
95,650 15.6 Canada
76%
65,149 20.4 Regno Unito
70%
76,078 52.3 Ucraina
57%
154,306 30.3 Corea del Sud
43%
60,647 40.0 Svezia
28%
Nessun quiz corrispondente trovato
Distribuzione punteggi
Percentuale di utenti per punteggio
Percentile per numero di risposta
I tuoi punteggi nel tempo
Non hai fatto questo quiz